000 00500cam a22002054a 4500
005 20250605164320.0
008 250528s ||||||||||||||||||||||||d
035 _a22874
020 _a9788126510764
040 _aGR-AtMCL
_bgre
_dGR-AtMCL
_eAACR2
245 1 _aMATERIALS SCIENCE AND ENGINEERING
250 _a1
260 _bWiley,
_c2007
300 _a717
700 1 _aBalasubramaniam R.
_98520
700 1 _aCallister William D
_98120
942 _cBK
999 _c7918
_d7918